Villes des Ardennes par arrondissement - Statistiques

Statistiques générales
  • Ce quiz a été pris 86 fois
  • Le résultat moyen est 8 sur 20
Statistiques - réponses
Ville Population % Correct
Charleville-Mézières 46 398
95%
Sedan 16 608
91%
Rethel 7 425
88%
Vouziers 4 016
88%
Givet 6 347
64%
Revin 5 815
55%
Sault-lès-Rethel 1 928
39%
Nouzonville 5 592
38%
Bogny-sur-Meuse 5 006
36%
Attigny 1 106
34%
Carignan 2 810
32%
Bazeilles 2 502
30%
Juniville 1 239
29%
Floing 2 285
21%
Château-Porcien 1 308
20%
Vrigne-aux-Bois 3 540
20%
Grandpré 508
18%
Asfeld 1 078
16%
Bairon et ses environs 1 022
14%
Machault 503
14%
Aucun quiz correspondant
Distribution des résultats
% des personnes avec chaque résultat
Percentile par nombre de réponses
Votre historique - résultats
Vous n’avez pas pris ce quiz